Reestructuración de la Secretaría de Educación en su sector central decreto 443 del 08 de julio de 1996

Este libro presenta las ideas básicas para la implementación de la reestructuración de la Secretaría de Educación del Distrito Capital.

Gardado en:
Detalles Bibliográficos
Autor Corporativo: Bogotá. Alcaldía Mayor
Formato: Libro
Idioma:Spanish
Publicado: Bogotá: Alcaldía Mayor de Bogotá, 1996
Series:Para formar ciudad
Subjects:
Acceso en liña:Enlace del recurso
Tags: Engadir etiqueta
Sen Etiquetas, Sexa o primeiro en etiquetar este rexistro!

MARC

LEADER 00000nam a2200000 a 4500
001 000845
008 030409s1996 ck a fr# o000|0#spa#d
041 0 |a spa 
043 |a s-ck--- 
082 0 4 |a 379  |b A411r 
110 1 |a Bogotá.  |b Alcaldía Mayor 
245 1 0 |a Reestructuración de la Secretaría de Educación en su sector central  |b decreto 443 del 08 de julio de 1996   |c Alcaldía Mayor 
260 |a Bogotá:  |b Alcaldía Mayor de Bogotá,  |c 1996 
300 |a 46 p.:  |b il. 
440 0 |a Para formar ciudad 
520 3 |a Este libro presenta las ideas básicas para la implementación de la reestructuración de la Secretaría de Educación del Distrito Capital. 
650 1 4 |a POLÍTICA EDUCATIVA 
650 1 4 |a EDUCACIÓN 
999 |c 2997  |d 2997 
856 |u https://catalogo.idep.edu.co/cgi-bin/koha/opac-detail.pl?biblionumber=2997  |z Enlace del recurso